000 00726nam a22002537a 4500
001 44989
003 UA-OsUOA
005 20191224094410.0
007 ta
008 20070320b un ||||| |||| 00| 0 ukr d
020 _a966-8770-16-1
040 _aUA-OsUOA
_bukr
_cUA-OsUOA
_dUA-OsUOA
041 _aukr
080 _a821.161.2
090 _a821.161.2
_bС 47
100 _aСлапчук В.
245 _aДванадцять ню
_bінтимна лірика
260 _aЛуцьк
_bТвердиня
_c2005
300 _a180 с.
650 7 _a82 Література. Літературознавство
_2UDC
942 _cBK
_2udc
955 _a3
999 _c331100
_d331100